01578cam a22003974i 4500003000900000005001700009008004100026020002300067020002600090035002700116040004700143082001600190100002100206245011700227300004600344336002100390337002500411338002300436490003200459504004000491504002800531505042500559526001000984526001000994526001001004526001001014526000801024526000801032526000801040526000801048526000801056526000801064526000801072650005101080264004901131PE-LiUPU20250731172852.0150730t20152009vtu arb 001 0 eng  a1594732590q(pbk.) a9781594732591q(pbk.) a(Sirsi) i9781594732591 aIJ5bspacIJ5dOCLCFdOCLCQdPE-LiUPUerda04a204.42bS471 aShapiro, Rami M.10aRecovery--the sacred art :bthe twelve steps as spiritual practice /cRami Shapiro ; foreword by Joan Borysenko. axxvii, 200 páginas ;c22 centímetros. atext2rdacontent aunmediated2rdamedia avolume2rdacarrier0 aThe art of spiritual living aBibliografía : páginas 190-199. aÍndice: página 200.0 aIntroduction: addiction, spirituality, and the process of uncovery -- The gift of powerlessness -- The hope of restoration -- Deciding to be free -- Searching the ego -- Confessing our wrongs -- Defect removal -- Asking for freedom -- Naming the harmed -- Making amends -- Attending to the moment -- Conscious contact with God -- Carrying the message -- First step, last step -- The twelve steps of Alcoholics Anonymous. aSEG42 aSEG41 aSEG40 aSEG39 aP94 aP87 aP86 aP85 aP77 aP76 aP35 aAlcoholismoxTratamientoxAspectos Religiosos. aWoodstock, Vt. :bSkyLight Paths Pub.,c2009